[Event "37th Reykjavik op"]
[Site "Reykjavik ISL"]
[Date "2024.03.16"]
[Round "2.9"]
[White "Ragnarsson, Dagur"]
[Black "Galperin, Platon"]
[WhiteElo "2337"]
[BlackElo "2555"]
[Result "1/2-1/2"]
[EventDate "2024.03.15"]
[PlyCount "126"]

1. d4 {[%eval 15,0]} d5 {[%eval 25,0]} 2. c4 {[%eval 26,0]} e6 {[%eval 28,0]}
3. Nf3 {[%eval 11,0]} Nf6 {[%eval 12,0]} 4. g3 {[%eval 7,0]} dxc4 {[%eval 22,0]
} 5. Bg2 {[%eval 21,0]} c6 {[%eval 42,0]} 6. O-O {[%eval 21,0]} b5 {[%eval 9,0]
} 7. Ne5 {[%eval 2,0]} Bb7 {[%eval 18,0]} 8. Nc3 {[%eval 2,0]} a6 {[%eval 41,0]
} 9. b3 {[%eval 36,0]} cxb3 {[%eval 4,0]} 10. Qxb3 {[%eval 44,0]} Be7 {[%eval
26,0]} 11. Rd1 {[%eval 4,0]} O-O {[%eval 44,0]} 12. Ba3 {[%eval 11,0]} Qc7 {
[%eval 45,0]} 13. Ne4 {[%eval 5,0]} c5 {[%eval 4,0]} 14. Nxc5 {[%eval 6,0]}
Bxg2 {[%eval 7,0]} 15. Kxg2 {[%eval 8,0]} Bxc5 {[%eval 3,0]} 16. Bxc5 {[%eval
0,0]} Rc8 {[%eval 3,0]} 17. Qf3 {[%eval 3,0]} Nc6 {[%eval 8,0]} 18. Nd3 {
[%eval 7,0]} e5 {[%eval 6,0]} 19. dxe5 {[%eval 8,0]} Nxe5 {[%eval 4,0]} 20.
Nxe5 {[%eval 3,0]} Qxc5 {[%eval 25,0]} 21. Nd7 {[%eval 2,0]} Qc6 {[%eval 3,0]}
22. Nxf6+ {[%eval 2,0]} Qxf6 {[%eval 4,0]} 23. Qxf6 {[%eval 3,0]} gxf6 {
[%eval 7,0]} 24. Rd6 {[%eval 2,0]} Rc2 {[%eval 5,0]} 25. e3 {[%eval 6,0]} Kg7 {
[%eval 1,0]} 26. a4 {[%eval 5,0]} b4 {[%eval 7,0]} 27. a5 {[%eval 6,0]} Re8 {
[%eval 8,0]} 28. Rb1 {[%eval 6,0]} Rxe3 {[%eval 9,0]} 29. Rxb4 {[%eval 8,0]}
Re5 {[%eval 8,0]} 30. Rg4+ {[%eval 8,0]} Rg5 {[%eval 3,0]} 31. Rxg5+ {[%eval 8,
0]} fxg5 {[%eval 11,0]} 32. g4 {[%eval 1,0]} Ra2 {[%eval 11,0]} 33. Rxa6 {
[%eval 1,0]} Ra3 {[%eval 2,0]} 34. Ra8 {[%eval 3,0]} h6 {[%eval 6,0]} 35. Ra6 {
[%eval 15,0]} Kh7 {[%eval 2,0]} 36. Kf1 {[%eval 3,0]} Ra2 {[%eval 4,0]} 37. Kg2
{[%eval 8,0]} Ra3 {[%eval 1,0]} 38. Kf1 {[%eval 4,0]} Ra2 {[%eval 1,0]} 39. h3
{[%eval 5,0]} Ra3 {[%eval 5,0]} 40. Ke2 {[%eval 6,0]} Kg7 {[%eval 0,0]} 41. f3
{[%eval 0,0]} Kh7 {[%eval 0,0]} 42. Ra8 {[%eval 0,0]} Kg7 {[%eval 0,0]} 43. Ra6
{[%eval 2,0]} Kh7 {[%eval 0,0]} 44. Ra7 {[%eval 0,0]} Kg6 {[%eval 0,0]} 45. a6
{[%eval 0,0]} Kf6 {[%eval 0,0]} 46. Ra8 {[%eval 0,0]} Kg7 {[%eval 0,0]} 47. Kd2
{[%eval 0,0]} Rxf3 {[%eval 0,0]} 48. Kc2 {[%eval 0,0]} Rxh3 {[%eval 0,0]} 49.
Kb2 {[%eval 0,0]} Rh2+ {[%eval 0,0]} 50. Kb3 {[%eval 0,0]} Rh1 {[%eval 0,0]}
51. Kb4 {[%eval 0,0]} Ra1 {[%eval 0,0]} 52. Kb5 {[%eval 0,0]} h5 {[%eval 0,0]}
53. gxh5 {[%eval 0,0]} f5 {[%eval 0,0]} 54. Rd8 {[%eval 0,0]} f4 {[%eval 0,0]}
55. Rd6 {[%eval 0,0]} f3 {[%eval 0,0]} 56. Rg6+ {[%eval 0,0]} Kh7 {[%eval 0,0]}
57. Rxg5 {[%eval 0,0]} f2 {[%eval 0,0]} 58. Rf5 {[%eval 0,0]} f1=Q+ {[%eval 0,
0]} 59. Rxf1 {[%eval 0,0]} Rxf1 {[%eval 0,0]} 60. a7 {[%eval 0,0]} Ra1 {
[%eval 0,0]} 61. Kb6 {[%eval 0,0]} Kh6 {[%eval 0,0]} 62. Kb7 {[%eval 0,0]}
Rxa7+ {[%eval 0,0]} (62... Ra4) 63. Kxa7 Kxh5 1/2-1/2

[Event "37th Reykjavik op"]
[Site "Reykjavik ISL"]
[Date "2024.03.16"]
[Round "2.10"]
[White "Gislason, Gudmundur"]
[Black "Steingrimsson, Hedinn"]
[WhiteElo "2266"]
[BlackElo "2477"]
[Result "0-1"]
[EventDate "2024.03.15"]
[PlyCount "60"]

1. d4 {[%eval 15,0]} Nf6 {[%eval 16,0]} 2. c4 {[%eval 16,0]} e6 {[%eval 21,0]}
3. Nc3 {[%eval 8,0]} Bb4 {[%eval 12,0]} 4. Qc2 {[%eval 3,0]} d6 {[%eval 28,0]}
5. e4 {[%eval 0,0]} Nbd7 $6 {[%eval 87,0] Inaccuracy. c5 was best.} (5... c5 6.
dxc5 Bxc5 7. Nf3 Bd7 8. Be2 Nc6 9. O-O O-O 10. Bf4) 6. Nf3 {[%eval 41,0]} e5 {
[%eval 45,0]} 7. Bd3 {[%eval 38,0]} O-O {[%eval 64,0]} 8. O-O {[%eval 5,0]} Re8
$6 {[%eval 154,0] Inaccuracy. exd4 was best.} (8... exd4 9. Nxd4) 9. Nd5 {
[%eval 166,0]} c5 {[%eval 152,0]} 10. Nxb4 {[%eval 105,0]} cxb4 {[%eval 115,0]}
11. a3 {[%eval 86,0]} Qb6 $6 {[%eval 105,0] Inaccuracy. b3 was best.} (11... b3
12. Qxb3) 12. axb4 {[%eval 149,0]} exd4 {[%eval 143,0]} 13. h3 {[%eval 149,0]}
Ne5 $6 {[%eval 213,0] Inaccuracy. h6 was best.} (13... h6 14. Bd2 Nh5 15. Qa4
Nhf6 16. Rfe1 Ne5 17. Nxe5 dxe5 18. c5 Qd8 19. b5 Nh5 20. Qd1) 14. Nxe5 {
[%eval 197,0]} dxe5 {[%eval 185,0]} 15. c5 {[%eval 211,0]} Qd8 {[%eval 201,0]}
16. f4 {[%eval 205,0]} exf4 $6 {[%eval 287,0] Inaccuracy. a5 was best.} (16...
a5 17. fxe5 Nd7 18. e6 Rxe6 19. Bc4 Ne5 20. Bxe6 Bxe6 21. bxa5 Rxa5 22. Bf4 Nc6
23. Bd6) 17. Bxf4 {[%eval 209,0]} Nh5 {[%eval 323,0]} 18. Bd6 {[%eval 313,0]}
Qg5 {[%eval 328,0]} 19. Qf2 {[%eval 267,0]} Bxh3 {[%eval 256,0]} 20. Bc4 {
[%eval 200,0]} Be6 {[%eval 182,0]} 21. Bxe6 {[%eval 179,0]} fxe6 {[%eval 176,0]
} 22. Rxa7 {[%eval 192,0]} h6 {[%eval 187,0]} 23. Rxb7 $2 {[%eval 29,0]
Mistake. Rxa8 was best.} (23. Rxa8 Rxa8 24. Qxd4 Re8 25. Qf2 Nf6 26. b5 Rc8 27.
e5 Ne4 28. Qf4 Nxd6 29. Qxg5 hxg5) 23... e5 {[%eval 25,0]} 24. Qf3 {[%eval 26,
0]} Ng3 {[%eval 17,0]} 25. Rd1 {[%eval 0,0]} Rf8 {[%eval 0,0]} 26. Bxf8 {
[%eval 0,0]} Rxf8 {[%eval 0,0]} 27. Qb3+ {[%eval 0,0]} Kh7 {[%eval 0,0]} 28.
Rf7 {[%eval 0,0]} Ne2+ {[%eval 0,0]} 29. Kf2 $4 {[%eval -32743,0] Checkmate is
now unavoidable. Kf1 was best.} (29. Kf1 Ng3+ 30. Kg1 Rxf7 31. Qxf7 Ne2+ 32.
Kf1 Ng3+) 29... Rxf7+ {[%eval -32745,0]} 30. Ke1 {[%eval -32755,0]} Ng3 {
[%eval -32757,0]} 0-1

[Event "37th Reykjavik op"]
[Site "Reykjavik ISL"]
[Date "2024.03.16"]
[Round "2.11"]
[White "Can, Emre"]
[Black "Cieslak, Patryk"]
[WhiteElo "2551"]
[BlackElo "2325"]
[Result "1/2-1/2"]
[EventDate "2024.03.15"]
[PlyCount "137"]

1. e4 {[%eval 13,0]} c5 {[%eval 33,0]} 2. Nf3 {[%eval 22,0]} d6 {[%eval 0,0]}
3. d4 {[%eval 18,0]} cxd4 {[%eval 13,0]} 4. Nxd4 {[%eval 27,0]} Nf6 {[%eval 3,
0]} 5. Nc3 {[%eval 21,0]} g6 $6 {[%eval 79,0] Inaccuracy. a6 was best.} (5...
a6 6. Be3 e5 7. Nf3 Be7 8. Bc4 O-O 9. O-O Nc6 10. Bg5) 6. Be3 {[%eval 46,0]}
Bg7 {[%eval 58,0]} 7. f3 {[%eval 46,0]} a6 {[%eval 64,0]} 8. Qd2 {[%eval 73,0]}
h5 {[%eval 81,0]} 9. Be2 {[%eval 77,0]} Nc6 {[%eval 82,0]} 10. O-O {[%eval 45,
0]} O-O {[%eval 45,0]} 11. a4 {[%eval 4,0]} d5 {[%eval 33,0]} 12. Nxc6 {
[%eval 33,0]} bxc6 {[%eval 37,0]} 13. e5 {[%eval 46,0]} Nd7 {[%eval 39,0]} 14.
f4 {[%eval 32,0]} e6 {[%eval 87,0]} 15. a5 {[%eval 78,0]} c5 {[%eval 83,0]} 16.
Na4 {[%eval 77,0]} Qc7 {[%eval 132,0]} 17. Nxc5 {[%eval 106,0]} Nxc5 {[%eval
112,0]} 18. Qc3 {[%eval 106,0]} f6 $2 {[%eval 205,0] Mistake. Bd7 was best.} (
18... Bd7 19. Bxc5 Rfc8 20. Bd4 Qb7 21. Qd2 Bf8 22. Rfd1 Bb5 23. Bf3 Bc5 24.
Bxc5 Rxc5 25. f5) 19. Qxc5 $6 {[%eval 185,0] Inaccuracy. Bxc5 was best.} (19.
Bxc5 fxe5 20. Bxf8 Qxc3 21. bxc3 Kxf8 22. fxe5+ Ke7 23. Rab1 Bxe5 24. c4 dxc4
25. Bxc4 h4) 19... Rf7 {[%eval 181,0]} 20. Qxc7 {[%eval 176,0]} Rxc7 {[%eval
185,0]} 21. exf6 {[%eval 175,0]} Bxf6 {[%eval 108,0]} 22. c3 {[%eval 185,0]}
Bb7 {[%eval 191,0]} 23. Bb6 {[%eval 200,0]} Re7 {[%eval 201,0]} 24. Bd3 {
[%eval 201,0]} Kg7 {[%eval 222,0]} 25. Rfe1 {[%eval 226,0]} h4 {[%eval 229,0]}
26. Bc5 {[%eval 237,0]} Ree8 {[%eval 255,0]} 27. Ra4 {[%eval 254,0]} Be7 {
[%eval 319,0]} 28. Bxe7 {[%eval 332,0]} Rxe7 {[%eval 333,0]} 29. Rb4 {[%eval
317,0]} Kf6 {[%eval 304,0]} 30. Re5 {[%eval 326,0]} Bc6 {[%eval 388,0]} 31. Rb6
{[%eval 387,0]} Bb5 {[%eval 387,0]} 32. Bxb5 {[%eval 379,0]} axb5 {[%eval 357,
0]} 33. Rxb5 {[%eval 343,0]} Rea7 {[%eval 382,0]} 34. Rb6 {[%eval 367,0]} Rxa5
{[%eval 365,0]} 35. Rbxe6+ {[%eval 376,0]} Kf7 {[%eval 371,0]} 36. Rb6 {
[%eval 371,0]} Ra4 {[%eval 396,0]} 37. g3 {[%eval 377,0]} d4 {[%eval 369,0]}
38. Rb7+ {[%eval 401,0]} Kf6 {[%eval 400,0]} 39. Rb6+ {[%eval 407,0]} Kf7 {
[%eval 387,0]} 40. Rb7+ {[%eval 379,0]} Kf6 {[%eval 354,0]} 41. g4 {[%eval 367,
0]} g5 {[%eval 305,0]} 42. Rb6+ {[%eval 347,0]} Kf7 {[%eval 346,0]} 43. Rb7+ {
[%eval 337,0]} Kf6 {[%eval 307,0]} 44. Rbe7 $6 {[%eval 185,0] Inaccuracy. Rf5+
was best.} (44. Rf5+ Ke6 45. cxd4 Rxd4 46. Rxg5 Rxf4 47. Kg2 Rh8 48. Rg6+ Kd5
49. Rb5+ Kc4 50. Ra5 Kb4) 44... R8a6 {[%eval 108,0]} 45. fxg5+ $6 {[%eval 87,0]
Inaccuracy. b3 was best.} (45. b3 Ra3 46. fxg5+ Kg6 47. Kg2 dxc3 48. Kh3 Rc6
49. Kxh4 Raa6 50. Rb5 Ra8 51. Rbb7 Rh8+) 45... Kg6 {[%eval 82,0]} 46. h3 $6 {
[%eval 0,0] Inaccuracy. b3 was best.} (46. b3 Ra2) 46... dxc3 {[%eval 51,0]}
47. bxc3 {[%eval 48,0]} Ra3 {[%eval 62,0]} 48. Rc7 $6 {[%eval 0,0] Inaccuracy.
R5e6+ was best.} (48. R5e6+ Rxe6) 48... Ra2 {[%eval 3,0]} 49. Rf5 {[%eval 5,0]}
Rc2 {[%eval 15,0]} 50. Rf2 {[%eval 5,0]} Rc1+ {[%eval 56,0]} 51. Kg2 {[%eval
56,0]} Kxg5 {[%eval 57,0]} 52. Rc8 {[%eval 67,0]} Kg6 {[%eval 73,0]} 53. Rg8+ {
[%eval 69,0]} Kh7 {[%eval 73,0]} 54. Rc8 {[%eval 67,0]} Kg6 {[%eval 73,0]} 55.
Re2 {[%eval 83,0]} Rd6 {[%eval 66,0]} 56. Rg8+ $6 {[%eval 5,0] Inaccuracy. Ra2
was best.} (56. Ra2 Rf6 57. Rd2 Rf7 58. Rc6+ Kg7 59. Ra2 Rf6 60. Rc7+ Kg6 61.
Rc8 Rf7 62. c4 Re7) 56... Kh7 $6 {[%eval 69,0] Inaccuracy. Kf7 was best.} (
56... Kf7 57. Rc8 Rd3 58. Rc7+ Kf6 59. Rce7 Rd6 60. Rh7 Rd3 61. Ra2 Kg6 62. Rh5
Rcxc3 63. Rxh4) 57. Rc8 {[%eval 69,0]} Kg6 {[%eval 79,0]} 58. Rc7 {[%eval 26,0]
} Ra6 $2 {[%eval 173,0] Mistake. Rcd1 was best.} (58... Rcd1) 59. Rd2 $6 {
[%eval 67,0] Inaccuracy. Ree7 was best.} (59. Ree7 Kg5 60. Rg7+ Kf4 61. Rc4+
Ke3 62. Re7+ Kd3 63. Rf4 Raa1 64. Rf3+ Kc2 65. Re2+ Kb3) 59... Rf6 {[%eval 83,
0]} 60. c4 $6 {[%eval 1,0] Inaccuracy. Rc8 was best.} (60. Rc8 Rf7) 60... Rc3 {
[%eval 8,0]} 61. c5 {[%eval 0,0]} Rg3+ {[%eval 0,0]} 62. Kh2 {[%eval 0,0]} Rc3
{[%eval 1,0]} 63. Rc8 {[%eval 0,0]} Rff3 {[%eval 0,0]} 64. Rc6+ {[%eval 0,0]}
Kf7 {[%eval 0,0]} 65. Rc7+ {[%eval 0,0]} Ke8 {[%eval 0,0]} 66. Rc8+ {[%eval 0,
0]} Ke7 {[%eval 0,0]} 67. Rc7+ {[%eval 0,0]} Ke8 {[%eval 0,0]} 68. Rc8+ Ke7 69.
Rc7+ 1/2-1/2

[Event "37th Reykjavik op"]
[Site "Reykjavik ISL"]
[Date "2024.03.16"]
[Round "2.12"]
[White "Kistrup, Nicolai"]
[Black "Maze, Sebastien"]
[WhiteElo "2324"]
[BlackElo "2551"]
[Result "0-1"]
[EventDate "2024.03.15"]
[PlyCount "113"]

1. e4 {[%eval 13,0]} c5 {[%eval 33,0]} 2. Nf3 {[%eval 22,0]} e6 {[%eval 41,0]}
3. b3 {[%eval 8,0]} Nc6 {[%eval 11,0]} 4. Bb2 {[%eval 7,0]} a6 {[%eval 15,0]}
5. Be2 {[%eval 7,0]} d6 $6 {[%eval 59,0] Inaccuracy. Nf6 was best.} (5... Nf6
6. e5 Nd5 7. Nc3 Nf4 8. g3 Nxe2 9. Qxe2 b5 10. Ne4) 6. d4 {[%eval 47,0]} cxd4 {
[%eval 35,0]} 7. Nxd4 {[%eval 55,0]} Nf6 {[%eval 4,0]} 8. Nxc6 {[%eval 47,0]}
bxc6 {[%eval 5,0]} 9. e5 {[%eval 3,0]} dxe5 {[%eval 29,0]} 10. Qxd8+ {[%eval
21,0]} Kxd8 {[%eval 26,0]} 11. Bxe5 {[%eval 1,0]} Bb4+ $6 {[%eval 101,0]
Inaccuracy. Nd5 was best.} (11... Nd5 12. c4 Nb4 13. Kd1 c5 14. Bf3 Ra7 15. Nd2
f6 16. Bb8 Rd7 17. a3 Nd3 18. Kc2) 12. c3 {[%eval 115,0]} Ba5 {[%eval 106,0]}
13. Bf3 {[%eval 98,0]} Bd7 {[%eval 137,0]} 14. Nd2 {[%eval 139,0]} Bc7 {
[%eval 146,0]} 15. Nc4 {[%eval 144,0]} Rg8 {[%eval 177,0]} 16. O-O-O {[%eval
185,0]} Nd5 {[%eval 179,0]} 17. Bxc7+ $6 {[%eval 103,0] Inaccuracy. Kb2 was
best.} (17. Kb2 a5 18. Bd4 f6 19. Rhe1 Kc8 20. Bc5 Rd8 21. g3 a4 22. Nd6+ Bxd6
23. Bxd6 e5) 17... Kxc7 {[%eval 103,0]} 18. Ne5 {[%eval 99,0]} Be8 {[%eval 101,
0]} 19. c4 {[%eval 108,0]} Ne7 {[%eval 138,0]} 20. Rd2 {[%eval 124,0]} Rd8 {
[%eval 123,0]} 21. Rxd8 {[%eval 146,0]} Kxd8 {[%eval 114,0]} 22. Rd1+ {[%eval
106,0]} Kc7 {[%eval 99,0]} 23. b4 {[%eval 85,0]} Ng6 {[%eval 125,0]} 24. Nd3 {
[%eval 132,0]} Bd7 {[%eval 126,0]} 25. Bh5 {[%eval 119,0]} f6 {[%eval 101,0]}
26. Nc5 {[%eval 104,0]} Bc8 {[%eval 101,0]} 27. g3 {[%eval 101,0]} e5 {[%eval
111,0]} 28. a4 {[%eval 112,0]} Rf8 {[%eval 112,0]} 29. Bxg6 {[%eval 91,0]} hxg6
{[%eval 91,0]} 30. h4 {[%eval 81,0]} Rh8 {[%eval 81,0]} 31. Rd2 {[%eval 33,0]}
Rh5 {[%eval 39,0]} 32. Kb2 {[%eval 15,0]} g5 {[%eval 16,0]} 33. hxg5 {[%eval
14,0]} Rxg5 {[%eval 17,0]} 34. Kc3 {[%eval 15,0]} Rf5 {[%eval 14,0]} 35. b5 {
[%eval 23,0]} Kb6 {[%eval 64,0]} 36. Nb3 $6 {[%eval 0,0] Inaccuracy. Rd6 was
best.} (36. Rd6 Rf3+) 36... Rf3+ {[%eval 0,0]} 37. Kb4 {[%eval 0,0]} c5+ {
[%eval 0,0]} 38. Ka3 {[%eval 0,0]} axb5 {[%eval 0,0]} 39. axb5 {[%eval 0,0]}
Bf5 {[%eval 0,0]} 40. Rd6+ {[%eval 0,0]} Kc7 {[%eval 0,0]} 41. Rc6+ {[%eval 0,
0]} Kb8 {[%eval 0,0]} 42. Kb2 {[%eval 0,0]} Rxf2+ {[%eval 0,0]} 43. Ka3 {
[%eval 0,0]} Rf3 {[%eval 0,0]} 44. Kb2 {[%eval 0,0]} e4 $4 {[%eval 208,0]
Blunder. Rf2+ was best.} (44... Rf2+ 45. Ka3 Rf3 46. Kb2) 45. Nxc5 {[%eval 265,
0]} e3 {[%eval 262,0]} 46. Na6+ {[%eval 279,0]} Kb7 $2 {[%eval 473,0] Mistake.
Ka7 was best.} (46... Ka7 47. c5 Bd3 48. Rc7+ Ka8 49. Re7 Rf5 50. Rxe3 Bxb5 51.
Nc7+ Kb7 52. Nxb5 Rxc5 53. Nd4) 47. c5 {[%eval 332,0]} Bd3 $2 {[%eval 532,0]
Mistake. Ka8 was best.} (47... Ka8 48. b6) 48. Rc7+ $2 {[%eval 281,0] Mistake.
Rb6+ was best.} (48. Rb6+ Ka7 49. Nb4 Be4 50. Re6 Rf5 51. b6+ Kb7 52. Re7+ Kc8
53. c6 Bxc6 54. Rc7+ Kd8) 48... Ka8 {[%eval 276,0]} 49. Re7 {[%eval 266,0]} e2
$2 {[%eval 532,0] Mistake. Rf5 was best.} (49... Rf5 50. Rxe3 Bxb5 51. Nc7+ Kb7
52. Nxb5 Rxc5 53. Nd4 Rc4 54. Rd3 g6 55. Kb3 Rc1 56. Rf3) 50. c6 $2 {[%eval
294,0] Mistake. b6 was best.} (50. b6 Bxa6 51. c6 e1=Q 52. Rxe1 Rf2+ 53. Kc3
Re2 54. Ra1 Kb8 55. Rxa6 Re1 56. Kc4 Rc1+) 50... Rf1 {[%eval 264,0]} 51. b6 $4
{[%eval 0,0] Blunder. Nc7+ was best.} (51. Nc7+ Kb8 52. Ne8 Rb1+ 53. Ka2 Ka8
54. c7 Rc1 55. Kb2 Rb1+ 56. Kc3 Bf5 57. Rxe2 Rd1) 51... Rb1+ {[%eval 0,0]} 52.
Kc3 {[%eval 0,0]} Rxb6 {[%eval 8,0]} 53. Nc7+ {[%eval 0,0]} Kb8 {[%eval 0,0]}
54. Kxd3 {[%eval 0,0]} e1=Q {[%eval 0,0]} 55. Rxe1 {[%eval 0,0]} Kxc7 {[%eval
0,0]} 56. Re7+ Kxc6 57. Ke4 0-1

[Event "37th Reykjavik op"]
[Site "Reykjavik ISL"]
[Date "2024.03.16"]
[Round "2.13"]
[White "Adhiban, B.."]
[Black "Sigurbjorn, Bjornsson"]
[WhiteElo "2541"]
[BlackElo "2305"]
[Result "1/2-1/2"]
[EventDate "2024.03.15"]
[PlyCount "76"]

1. e4 {[%eval 13,0]} d6 $6 {[%eval 75,0] Inaccuracy. e5 was best.} (1... e5 2.
Nf3 Nc6 3. Bb5 Nf6 4. O-O Nxe4 5. Re1 Nd6 6. Nxe5) 2. d4 {[%eval 4,0]} Nf6 {
[%eval 63,0]} 3. Nc3 {[%eval 48,0]} e5 {[%eval 52,0]} 4. Nge2 {[%eval 38,0]} c6
{[%eval 39,0]} 5. h3 {[%eval 36,0]} b5 {[%eval 31,0]} 6. a3 {[%eval 36,0]} h5 {
[%eval 34,0]} 7. Ng1 {[%eval 37,0]} Qa5 {[%eval 61,0]} 8. Qd2 $6 {[%eval 32,0]
Inaccuracy. Nf3 was best.} (8. Nf3 Nbd7 9. Bd3 Qc7 10. O-O a6 11. b4 Bb7 12. a4
Be7) 8... b4 {[%eval 43,0]} 9. Nce2 $2 {[%eval -43,0] Mistake. Nb1 was best.} (
9. Nb1 Nxe4 10. Qxb4 Qc7 11. Bd3 d5 12. Qa4 Nd7 13. Bxe4 dxe4 14. Ne2 Bd6 15.
Nbc3 Nb6) 9... c5 {[%eval -37,0]} 10. dxe5 {[%eval -95,0]} dxe5 {[%eval -75,0]}
11. c3 $6 {[%eval -91,0] Inaccuracy. Nf3 was best.} (11. Nf3 Nc6 12. Qd1 c4 13.
Bd2 Nxe4 14. Ng3 Nxg3 15. fxg3 c3 16. bxc3 bxc3 17. Be3 Be6) 11... Bb7 {
[%eval -36,0]} 12. f3 $6 {[%eval -169,0] Inaccuracy. Qc2 was best.} (12. Qc2
Nxe4 13. Nf3 Nd7 14. Ng3 Nxg3 15. fxg3 bxc3 16. Rb1 Bd6 17. bxc3 Qc7 18. Ng5 e4
) 12... h4 {[%eval -168,0]} 13. g4 {[%eval -154,0]} Nc6 {[%eval -164,0]} 14.
Qc2 $6 {[%eval -239,0] Inaccuracy. Kf2 was best.} (14. Kf2 Rd8 15. Qe1 c4 16.
Kg2 bxa3 17. Rh2 Qa4 18. Bg5 Na5 19. bxa3 Nb3 20. Rb1 Nc5) 14... c4 {[%eval
-242,0]} 15. Be3 {[%eval -391,0]} b3 {[%eval -386,0]} 16. Qc1 {[%eval -204,0]}
O-O-O {[%eval -388,0]} 17. Kf2 {[%eval -394,0]} Rd3 {[%eval -375,0]} 18. Kg2 {
[%eval -293,0]} Nd8 $6 {[%eval -125,0] Inaccuracy. Bc5 was best.} (18... Bc5
19. Bxc5 Qxc5 20. Qg5 Rhd8 21. Rh2 Ne7 22. Kh1 Rd1 23. Rc1 Ng6 24. Rg2 Kb8 25.
Kh2) 19. Nd4 {[%eval -133,0]} exd4 {[%eval -129,0]} 20. cxd4 {[%eval -142,0]}
Rxe3 {[%eval -193,0]} 21. Qxe3 {[%eval -142,0]} Qc7 {[%eval -142,0]} 22. Ne2 {
[%eval -119,0]} Ne6 {[%eval -139,0]} 23. Rc1 $6 {[%eval -261,0] Inaccuracy.
Rg1 was best.} (23. Rg1 Be7 24. Kh1 Kb8 25. Rc1 Rc8 26. Bg2 Nd7 27. f4 g5 28.
f5 Nf4 29. Nxf4 Qxf4) 23... g6 {[%eval -286,0]} 24. g5 {[%eval -282,0]} Rh5 $6
{[%eval -184,0] Inaccuracy. Nh5 was best.} (24... Nh5 25. Rg1 Kb8 26. Kh1 Bg7
27. e5 Bf8 28. Qc3 Bd5 29. Kh2 Be7 30. f4 Qb7 31. Qe3) 25. Kf2 $2 {[%eval -400,
0] Mistake. gxf6 was best.} (25. gxf6 Bh6 26. Qc3 Bxc1 27. Qxc1 Nxd4 28. Qf4
Qxf4 29. Nxf4 Rc5 30. Kf2 c3 31. Bd3 c2) 25... Rxg5 {[%eval -207,0]} 26. Ke1 {
[%eval -214,0]} Bh6 {[%eval -204,0]} 27. Qc3 {[%eval -392,0]} Rh5 {[%eval -396,
0]} 28. Rd1 {[%eval -222,0]} Nd7 {[%eval -214,0]} 29. d5 $6 {[%eval -485,0]
Inaccuracy. Rg1 was best.} (29. Rg1 Bg7 30. Rg4 Nb6 31. Bg2 Bh6 32. d5 Na4 33.
Qh8+ Qd8 34. Qxd8+ Nxd8 35. f4 Nxb2) 29... Bg7 {[%eval -500,0]} 30. Qe3 {
[%eval -469,0]} Nec5 {[%eval -307,0]} 31. d6 {[%eval -436,0]} Qa5+ {[%eval
-495,0]} 32. Nc3 {[%eval -594,0]} Ne5 {[%eval -316,0]} 33. d7+ {[%eval -456,0]}
Kd8 {[%eval -499,0]} 34. Rd2 {[%eval -492,0]} Ncd3+ {[%eval -447,0]} 35. Bxd3 {
[%eval -438,0]} Nxd3+ {[%eval -436,0]} 36. Ke2 {[%eval -451,0]} Qb6 {[%eval
-498,0]} 37. Rxd3 $6 {[%eval -657,0] Inaccuracy. Qxb6+ was best.} (37. Qxb6+
axb6 38. a4 Rc5 39. Rhd1 Ba6 40. Nb5 Be5 41. Rxd3 cxd3+ 42. Ke3) 37... cxd3+ {
[%eval -698,0]} 38. Qxd3 {[%eval -793,0]} Ba6 {[%eval -796,0]} 1/2-1/2

[Event "37th Reykjavik op"]
[Site "Reykjavik ISL"]
[Date "2024.03.16"]
[Round "2.14"]
[White "Mendes, Aaron Reeve"]
[Black "Fernandez, Daniel Howard"]
[WhiteElo "2309"]
[BlackElo "2532"]
[Result "1/2-1/2"]
[EventDate "2024.03.15"]
[PlyCount "32"]

1. d4 {[%eval 15,0]} Nf6 {[%eval 16,0]} 2. c4 {[%eval 16,0]} e6 {[%eval 21,0]}
3. Nc3 {[%eval 8,0]} Bb4 {[%eval 12,0]} 4. Qc2 {[%eval 3,0]} d5 {[%eval 9,0]}
5. Bg5 {[%eval 12,0]} dxc4 {[%eval 8,0]} 6. e3 {[%eval 47,0]} b5 {[%eval 32,0]}
7. a4 {[%eval 24,0]} c6 {[%eval 39,0]} 8. Be2 {[%eval 46,0]} Bb7 {[%eval 39,0]}
9. Bf3 {[%eval 39,0]} a6 {[%eval 34,0]} 10. Nge2 {[%eval 27,0]} Nbd7 {[%eval
41,0]} 11. O-O {[%eval 49,0]} O-O {[%eval 4,0]} 12. axb5 {[%eval 0,0]} axb5 {
[%eval 0,0]} 13. Nxb5 {[%eval 0,0]} cxb5 {[%eval 0,0]} 14. Bxb7 {[%eval 4,0]}
Rxa1 {[%eval 0,0]} (14... Ra5 15. Ra2 Rxa2 16. Rd1 Ra1 17. Rxa1) 15. Rxa1 {
[%eval 1,0]} Qc7 {[%eval 8,0]} 16. Bf3 {[%eval 7,0]} Bd6 {[%eval 13,0]} 1/2-1/2

[Event "37th Reykjavik op"]
[Site "Reykjavik ISL"]
[Date "2024.03.16"]
[Round "2.16"]
[White "Xu, Yuanyuan"]
[Black "Yilmazyerli, Mert"]
[WhiteElo "2288"]
[BlackElo "2526"]
[Result "1/2-1/2"]
[EventDate "2024.03.15"]
[PlyCount "50"]

1. e4 {[%eval 13,0]} c5 {[%eval 33,0]} 2. Nf3 {[%eval 22,0]} d6 {[%eval 0,0]}
3. d4 {[%eval 18,0]} cxd4 {[%eval 13,0]} 4. Nxd4 {[%eval 27,0]} Nf6 {[%eval 3,
0]} 5. Nc3 {[%eval 21,0]} Nc6 {[%eval 47,0]} 6. Bg5 {[%eval 42,0]} e6 {[%eval
23,0]} 7. Qd2 {[%eval 37,0]} a6 {[%eval 29,0]} 8. O-O-O {[%eval 57,0]} Bd7 {
[%eval 48,0]} 9. Kb1 {[%eval 4,0]} b5 {[%eval 55,0]} 10. Nxc6 {[%eval 53,0]}
Bxc6 {[%eval 57,0]} 11. f3 {[%eval 57,0]} Be7 {[%eval 56,0]} 12. Bd3 {[%eval
42,0]} d5 $6 {[%eval 99,0] Inaccuracy. h6 was best.} (12... h6) 13. Bxf6 $6 {
[%eval 35,0] Inaccuracy. Qe1 was best.} (13. Qe1 d4 14. Ne2 Qd6 15. c3 dxc3 16.
Qxc3 Qd7 17. Qe1 Qc7 18. Rc1 Qd7 19. Nf4 Rc8) 13... Bxf6 {[%eval 31,0]} 14.
exd5 {[%eval 27,0]} Bxd5 {[%eval 3,0]} 15. Nxd5 {[%eval 21,0]} Qxd5 {[%eval 23,
0]} 16. Qb4 {[%eval 27,0]} Rc8 {[%eval 14,0]} 17. Qa3 {[%eval 8,0]} Qe5 {
[%eval 14,0]} 18. Rhe1 {[%eval 5,0]} Qc7 {[%eval 9,0]} 19. Be4 {[%eval 24,0]}
a5 {[%eval 18,0]} 20. Qd3 $6 {[%eval 93,0] Inaccuracy. c3 was best.} (20. c3)
20... b4 {[%eval 48,0]} 21. f4 {[%eval 49,0]} Ke7 {[%eval 42,0]} 22. g4 {
[%eval 82,0]} Rhd8 {[%eval 95,0]} 23. Qe3 {[%eval 88,0]} Rxd1+ {[%eval 98,0]}
24. Rxd1 {[%eval 8,0]} g6 {[%eval 56,0]} 25. Bd3 $6 {[%eval -97,0] Inaccuracy.
a4 was best.} (25. a4) 25... Qc5 $6 {[%eval 51,0] Inaccuracy. Kf8 was best.} (
25... Kf8 26. h4) 1/2-1/2